Города Новгородской области - Statistics

General Stats
  • This quiz has been taken 44 times
  • The average score is 6 of 10
Answer Stats
Население Город % Correct
222 340 Великий Новгород
100%
27 487 Старая Русса
79%
47 883 Боровичи
71%
14 302 Чудово
67%
14 074 Валдай
63%
14 032 Пестово
63%
9949 Окуловка
54%
9996 Малая Вишера
50%
8449 Сольцы
42%
3214 Холм
42%
No matching quizzes found
Score Distribution
Percent of People with Each Score
Percentile by Number Answered
Your Score History
You have not taken this quiz